La Música al Palau Güell
Descripción Física:
50 pàgines : 15 cm
Materias:
Llibres en blanc
Idioma:
Catalán
MARC
| LEADER | 00000nam a2200000 4500 | ||
|---|---|---|---|
| 001 | 25727 | ||
| 008 | 220601b spa||||| |||| 00| 0 cat d | ||
| 080 | |a NBM-13-178 | ||
| 245 | |a La Música al Palau Güell | ||
| 260 | |a Barcelona : |b Palau Güell, |c 2016 | ||
| 300 | |a 50 pàgines : |c 15 cm | ||
| 650 | 0 | |9 53147 |a Llibres en blanc | |
| 710 | 2 | |a Palau Güell (Barcelona) |9 17034 | |
| 942 | |2 udc |n 1 |c ARXIU | ||
| 952 | |0 0 |1 0 |4 0 |6 NBM13178 |7 1 |9 62118 |a Arxiu |b Arxiu |d 2022-06-01 |l 0 |o NBM-13-178 |p 25727 |r 2022-06-01 00:00:00 |w 2022-06-01 |y ARXIU | ||
| 999 | |c 81823 |d 81823 | ||